Devine la chanson #1 - Statistiques

Statistiques générales
  • Ce quiz a été pris 889 fois
    881 depuis la dernière actualisation
  • Le résultat moyen est 96 sur 232
Statistiques - réponses
Paroles % Correct
à
93%
Je
90%
je
90%
le
89%
la
85%
Ma
79%
Tu
77%
tu
77%
de
76%
Et
75%
me
74%
suis
72%
te
71%
ne
62%
est
61%
les
60%
pas
60%
mon
49%
en
48%
Mais
48%
moi
48%
Moi
48%
toi
48%
Toi
48%
ce
47%
Comme
47%
comme
47%
que
46%
Dans
43%
On
43%
s'en
41%
d'habitude
38%
lève
38%
tes
38%
bouscule
35%
Claude François
35%
Comme d'habitude
35%
Sur
35%
Mes
34%
vais
34%
faire
32%
réveilles
32%
Tout
31%
jour
30%
J'ai
26%
main
26%
nuit
24%
cheveux
23%
froid
22%
froid,
22%
Sans
22%
caresse
21%
drap
21%
peur
21%
puis
21%
semblant
20%
grand
19%
jouer
19%
Oui
19%
remonte
19%
seul
19%
Toute
18%
aies
17%
malgré
17%
même
17%
Même
17%
Presque
17%
dos
16%
Enfin
16%
ira
16%
maison
16%
fera
15%
journée
15%
lit
15%
rire
15%
tournes
15%
bois
14%
encore
14%
l'amour
14%
vivre
14%
café
13%
col
12%
dehors
12%
quitte
12%
sors
12%
sourire
12%
chambre
11%
gris
11%
retard
11%
très
11%
coucher
10%
relève
10%
seras
9%
bruit
8%
coucheras
8%
j'irai
8%
larmes
8%
m'habille
8%
rentrée
8%
vite
8%
reviendrai
7%
sortie
7%
cacherai
6%
déshabilleras
6%
rentreras
5%
s'embrassera
5%
souriras
5%
t'attendrai
5%
Aucun quiz correspondant
Distribution des résultats
% des personnes avec chaque résultat
Percentile par nombre de réponses
Votre historique - résultats
Vous n’avez pas pris ce quiz depuis la dernière actualisation